| 000 | 02022nam a22002777a 4500 | ||
|---|---|---|---|
| 999 |
_c60078 _d60078 |
||
| 003 | Ge_BSU | ||
| 005 | 20230605164332.0 | ||
| 008 | 230605s2018 ge ||||| |||| 00| 0 geo d | ||
| 020 | _a9790801574046 | ||
| 041 | _ageo | ||
| 080 | _a784.4(479.22) + 94(=353.1)(560) რ-17 | ||
| 100 |
_aრაზმაძე, ნინო _917157 |
||
| 245 |
_aქართული მრავალხმიანობა დასავლეთ თურქეთში = Georgian polyphony in western Turkey = Georgische Polyphonie im western der Türkei = Batitür Kiye'de Gürcü Polifonisi : _bპიტერ გოლდის ნაკვალევზე / _cშემდგენელი ნინო რაზმაძე; გამოცემაზე მუშაობდნენ: ბაია ჟუჟუნაძე, თეონა ლომსაძე, მარიკა კაპანაძე; რედაქტორები: რუსუდან წურწუმია, სუზან ციგლერი, აბდულა აკატი; დიზაინერი სანდრო ჩხაიძე. |
||
| 264 |
_aWarszawa : _bWPN, _c2018. |
||
| 300 |
_a324 გვ. : _bფოტ., ნოტ. ; _c17 სმ + 1 CD |
||
| 653 | _aგოლდი, პიტერ. | ||
| 653 | _aქართული მრავალხმიანობა. | ||
| 653 | _aქართული ხალხური სიმღერები | ||
| 653 | _aქართველები თურქეთში | ||
| 700 |
_aრაზმაძე, ნინო _e შემდგენელი _917157 |
||
| 700 |
_aწურწუმია, რუსუდან _eრედაქტორი _918477 |
||
| 700 |
_aციგლერი, სუზან _eრედაქტორი _918478 |
||
| 700 |
_aაკატი, აბდულა _eრედაქტორი _918479 |
||
| 700 |
_aჩხაიძე, სანდრო _eდიზაინერი _918480 |
||
| 942 |
_2udc _cBK |
||